The Hardest Baseball Quiz You'll Ever Take - Statistics

General Stats
  • This quiz has been taken 250 times
  • The average score is 4 of 15
Answer Stats
Hint Answer % Correct
This southpaw has more strikeouts than any other left handed pitcher? Randy Johnson
70%
The only player ever to hit two Grand Slams in the same inning? Fernando Tatis
57%
These three brothers once batted all in a row for the Giants? Jesus, Matty, and Felipe Alou
56%
These two brothers are credited with all four wins for the Cardinals in the 1934 World Series? Dizzy and Daffy Dean
49%
The Cleveland Indians were formerly named after this Hall of Fame Second Baseman? Napoleon LaJoie
41%
The only Major Leaguer to have been killed by a pitch? Ray Chapman
40%
This pitcher once appeared on an episode of Mr. Ed in which he gives up a hit to the horse? Sandy Koufax
35%
This Hall of Famers mother mistakenly shot and killed his father when he was a child? Ty Cobb
34%
What instrument did Hall of Famer Stan Musial play? Harmonica
24%
Which Hall of Fame pitcher coined the term Walk off Home Run? Dennis Eckersley
14%
The only American League Pitcher to hit a Grand Slam since the Designated Hitter rule came into effect? Felix Hernandez
7%
Wad Boggs authored a cook book of his favorite chicken recipes called what? Fowl Tips
3%
Who was the first Major League player to turn an unassisted triple play? Neal Ball
3%
What player has the Major League record for hits in a single game with 9? Johnny Burnett
2%
What did Tony Gwynn name his bat that he used in the 1994 season when he batted .394? Seven Grains of Pain
1%
No matching quizzes found
Score Distribution
Percent of People with Each Score
Percentile by Number Answered
Your Score History
You have not taken this quiz